[Event "Mechanics' Winter TNM; 30/90, SD/30"]
[Site "San Francisco"]
[Date "2011.01.25"]
[Round "4.7"]
[White "Gaffagan, Steven"]
[Black "Chamberlain, Ethan"]
[Result "1/2-1/2"]
[WhiteElo "2065"]
[BlackElo "1844"]
[PlyCount "120"]
[EventDate "2011.??.??"]

1. e4 c5 2. Nf3 g6 3. c3 d5 4. exd5 Qxd5 5. d4 Bg7 6. Be2 Nc6 7. O-O Nf6 8. Na3
cxd4 9. Nb5 Qd8 10. Nfxd4 Nxd4 11. Qxd4 O-O 12. Qxd8 Rxd8 13. Nc7 Rb8 14. Bf4
Bf5 15. Nb5 Ra8 16. Rfd1 a6 17. Nd4 Be4 18. Bg3 Ne8 19. f3 Bxd4+ 20. cxd4 Bc6
21. Rac1 Nf6 22. Be5 Nd5 23. Kf2 Rd7 24. b3 Rad8 25. Bxa6 Nb4 26. Bc4 Nxa2 27.
Ra1 Nc3 28. Rdc1 Nd5 29. Ra7 Kf8 30. Rca1 f6 31. Bg3 Nb4 32. Ra8 Rxd4 33. Bc7
Rd2+ 34. Kg3 Re8 35. Bf4 Rd5 36. Bh6+ Kf7 37. Rxe8 Bxe8 38. Bd2 b5 39. Bxd5+
Nxd5 40. Ra6 Bd7 41. Kf2 h5 42. g3 Be8 43. h4 Bd7 44. Be3 Nb4 45. Ra7 Ke6 46.
Bc5 $4 Nd3+ 47. Ke3 Nxc5 48. b4 Na4 49. Kd4 Kd6 50. Ra6+ Bc6 51. f4 Kc7 52.
Ra7+ Bb7 53. Ke3 Kb6 54. Ra5 e5 55. fxe5 fxe5 56. Kd3 Nc5+ 57. Ke3 Na4 58. Kd3
Nb2+ 59. Ke2 e4 60. Ra1 Bc8 {Both players were very low on time.} 1/2-1/2

[Event "Mechanics' Winter TNM; 30/90, SD/30"]
[Site "San Francisco"]
[Date "2011.02.01"]
[Round "5.7"]
[White "Gaffagan, Steven"]
[Black "Sherwood, Peter"]
[Result "1-0"]
[WhiteElo "2065"]
[BlackElo "1798"]
[PlyCount "93"]
[EventDate "2011.??.??"]

1. e4 e6 2. d4 d5 3. Nd2 c5 4. Ngf3 Nc6 5. exd5 Qxd5 6. Bc4 Qd8 7. O-O Nf6 8.
dxc5 Bxc5 9. Qe2 O-O 10. Nb3 Be7 11. Bf4 Qb6 12. Rfe1 Bd7 13. c3 Rfe8 14. h3
Rad8 15. a4 Na5 16. Nxa5 Qxa5 17. Ne5 a6 18. Nxd7 Rxd7 19. Bb3 Qh5 20. a5 Qxe2
21. Rxe2 Red8 22. Be5 Rd2 23. Kf1 Rxe2 24. Kxe2 Nd5 25. Rd1 Nf6 26. Ra1 Nd5 27.
g3 Kf8 28. Bc2 g6 29. Be4 f6 30. Bd4 Rd7 31. f4 f5 32. Bc2 Bf6 33. Ra4 Bxd4 34.
Rxd4 Ke7 35. Ba4 Rd6 36. Bc2 Kd7 37. Rc4 Ne7 38. Ba4+ Nc6 39. Ke3 Ke7 40. Bxc6
Rxc6 41. Rxc6 bxc6 42. Kd4 Kd6 43. h4 h6 44. b4 Kd7 45. Ke5 Ke7 46. c4 h5 47.
c5 1-0

[Event "Mechanics' Winter TNM; 30/90, SD/30"]
[Site "San Francisco"]
[Date "2011.01.04"]
[Round "1.5"]
[White "Grey, Peter"]
[Black "Alzhin, Leonid"]
[Result "1-0"]
[WhiteElo "2001"]
[BlackElo "1563"]
[PlyCount "65"]
[EventDate "2011.??.??"]

1. e4 e6 2. d4 d5 3. Nc3 c5 4. exd5 Nf6 5. Bb5+ Bd7 6. dxe6 fxe6 7. Bxd7+ Qxd7
8. Nf3 Be7 9. O-O O-O 10. Bg5 a6 11. dxc5 Qc7 12. Qe2 Qxc5 13. Qxe6+ Kh8 14.
Ne5 Nc6 15. Nxc6 bxc6 16. Be3 Qb4 17. Rab1 Qb7 18. Rfd1 Rae8 19. Qc4 Qc8 20. h3
Bd8 21. Bc5 Be7 22. Bd6 Qf5 23. Qd3 Qc8 24. Bxe7 Rxe7 25. Qc4 Ref7 26. Rd2 a5
27. Rbd1 Qc7 28. Re1 Nh5 29. Qe4 Qa7 30. Qe3 Qc7 31. Qe5 Qa7 32. Nd1 Rf5 33.
Qxf5 1-0

[Event "Mechanics' Winter TNM; 30/90, SD/30"]
[Site "San Francisco"]
[Date "2011.02.22"]
[Round "8.7"]
[White "Grey, Peter"]
[Black "Banik, Siddharth"]
[Result "0-1"]
[WhiteElo "2001"]
[BlackElo "1765"]
[PlyCount "52"]
[EventDate "2011.??.??"]

1. e4 c5 2. Nf3 Nc6 3. d4 cxd4 4. Nxd4 g6 5. Nc3 Bg7 6. Be3 Nf6 7. Bc4 O-O 8.
Bb3 a5 9. O-O d6 10. h3 Nxd4 11. Bxd4 Bd7 12. a4 Qc7 13. Qd3 Bc6 14. Rfe1 Nh5
15. Bxg7 Kxg7 16. Qd4+ e5 17. Qe3 f5 18. g3 f4 19. Qd3 Qe7 20. g4 f3 21. Rad1
Rad8 22. Kh2 Qh4 23. Qf1 Nf4 24. Re3 Ng2 25. Red3 Rf4 26. Rxd6 Rdf8 {W time exp
} 0-1

[Event "Mechanics' Winter TNM; 30/90, SD/30"]
[Site "San Francisco"]
[Date "2011.02.15"]
[Round "7.3"]
[White "Grey, Peter"]
[Black "Byambaa, Uyanga"]
[Result "0-1"]
[WhiteElo "2001"]
[BlackElo "1829"]
[Annotator "Donaldson"]
[PlyCount "62"]
[EventDate "2011.??.??"]

1. e4 c5 2. Nf3 Nc6 (2... d6 3. d4 cxd4 4. Nxd4 Nf6 5. Nc3 g6 6. Be3 Bg7 7. f3
O-O 8. Bc4 (8. Qd2 Nc6 9. O-O-O Bd7 (9... d5) (9... Nxd4 10. Bxd4 Be6 11. Kb1)
10. h4 Rc8 11. g4 Ne5 12. h5 Nc4 13. Bxc4 Rxc4 14. hxg6) 8... Nc6 9. Qd2 Bd7
10. O-O-O (10. h4)) (2... g6 3. d4 (3. h4) (3. c3) 3... Bg7 4. c4 (4. dxc5)
4... Qa5+ (4... Qb6)) 3. d4 cxd4 4. Nxd4 g6 5. Nc3 (5. c4) 5... Bg7 6. Be3 Nf6
7. Bc4 (7. Be2 O-O 8. O-O d6 9. f4 (9. Nb3 Be6 10. f4 Qc8 (10... Rc8 11. f5 Bd7
12. g4 Ne5 13. g5 Rxc3 14. gxf6 (14. bxc3 Nxe4) 14... Rxe3) (10... Na5 11. f5
Bc4) 11. Bf3 Bc4 12. Rf2 Rd8 13. h3 e5 14. f5 d5 15. exd5 e4)) 7... O-O (7...
Qa5 8. O-O O-O 9. Nb3 Qc7) 8. Bb3 d6 (8... e6) (8... Qa5 9. f3 d5) (8... a5 9.
f3 d5) 9. f3 (9. h3 Bd7 10. O-O Na5) 9... Bd7 10. Qd2 (10. h4 a5 11. a4 Nxd4
12. Bxd4 Be6) 10... a5 (10... Rc8 11. O-O-O Nxd4 12. Bxd4 b5) (10... Qa5 11.
O-O-O Rfc8) (10... Rc8 11. O-O-O Ne5 12. h4 h5) (10... a5 11. a4) (10... Nxd4
11. Bxd4 a5 (11... b5) 12. a4 Be6 13. O-O) 11. a4 Rc8 12. h4 (12. O-O Ne5 13.
Qe2 $16) 12... h5 13. O-O-O Ne5 14. Bg5 Nc4 15. Qd3 (15. Bxc4 Rxc4 16. Ndb5)
15... b5 16. axb5 Ne5 17. Qd2 Qb6 18. Bxf6 exf6 19. Nd5 Qd8 20. Kb1 Rc5 21. Qe2
f5 22. exf5 a4 23. Ba2 gxf5 24. f4 $6 (24. Nf4 $1 Re8 25. Qf2 Bxb5 26. Nxh5)
24... Ng4 25. Ne7+ $6 (25. Qd2 Bxb5 26. Nxf5) 25... Kh7 26. Ndc6 $6 (26. Rhe1)
26... Qb6 27. c4 Re8 {now all of Black's pieces are good.} 28. Rxd6 $4 Bxc6 29.
Rxc6 Rxc6 30. c5 (30. bxc6 Rxe7) 30... Rxc5 31. Bxf7 Rxb5 0-1

[Event "Mechanics' Winter TNM; 30/90, SD/30"]
[Site "San Francisco"]
[Date "2011.01.18"]
[Round "3.6"]
[White "Grey, Peter"]
[Black "Manvelyan, Hayk"]
[Result "1/2-1/2"]
[WhiteElo "2001"]
[BlackElo "2164"]
[PlyCount "83"]
[EventDate "2011.??.??"]

1. d4 e6 2. g3 d5 3. Bg2 f5 4. Nh3 Nf6 5. O-O Bd6 6. c4 c6 7. Qc2 O-O 8. Bf4
Bxf4 9. Nxf4 Qe7 10. Nd2 Nbd7 11. Nd3 Ne4 12. b3 b6 13. Nf3 Bb7 14. Nfe5 Rac8
15. f3 Nef6 16. c5 bxc5 17. Nxc5 Nxc5 18. Qxc5 Qxc5 19. dxc5 Rcd8 20. Rfd1 Nd7
21. Nxd7 Rxd7 22. f4 e5 23. e3 Re7 24. Kf2 Rfe8 25. Rd2 Ba6 26. Bf3 Kf7 27. h4
Kf6 28. Rg1 exf4 29. exf4 g6 30. Rc1 Re6 31. Rcc2 h6 32. Rc1 R8e7 33. Rcd1 Re3
34. Rc1 Re8 35. Rcc2 g5 36. hxg5+ hxg5 37. fxg5+ Kxg5 38. Rc1 R3e6 39. Rh1 Rh6
40. Rxh6 Kxh6 41. Rd4 Re7 42. Rh4+ 1/2-1/2

[Event "Mechanics' Winter TNM; 30/90, SD/30"]
[Site "San Francisco"]
[Date "2011.01.18"]
[Round "3.18"]
[White "Habeeb, Kenneth"]
[Black "Anderson, Michael"]
[Result "0-1"]
[WhiteElo "1524"]
[BlackElo "1907"]
[PlyCount "82"]
[EventDate "2011.??.??"]

1. e4 c5 2. Nf3 e6 3. d4 cxd4 4. Nxd4 Nc6 5. Nxc6 bxc6 6. Nd2 e5 7. Nf3 h6 8.
Bd2 d6 9. Bc4 Nf6 10. Qe2 Bg4 11. Qd3 Be7 12. Qe3 O-O 13. Be2 Nh5 14. h3 Nf4
15. O-O Bh5 16. Rfe1 Nxe2+ 17. Rxe2 Bg5 18. Qd3 Qe7 19. Bxg5 hxg5 20. g4 Bg6
21. c4 Rad8 22. Qe3 f6 23. Rd2 Bf7 24. b3 d5 25. cxd5 cxd5 26. exd5 Bxd5 27.
Rad1 Ba8 28. Ne1 Rxd2 29. Rxd2 Qb7 30. f3 Qb4 31. Kf2 Re8 32. Nd3 Qb8 33. Kg1
e4 34. fxe4 Rxe4 35. Qf2 Qe8 36. Kf1 Qc6 37. Qg2 Rf4+ 38. Nxf4 Qc1+ 39. Ke2
Bxg2 40. Nxg2 Qh1 41. Ne3 Qxh3 0-1

[Event "Mechanics' Winter TNM; 30/90, SD/30"]
[Site "San Francisco"]
[Date "2011.02.08"]
[Round "6.18"]
[White "Habeeb, Kenneth"]
[Black "Mar, Henry"]
[Result "1/2-1/2"]
[WhiteElo "1524"]
[BlackElo "1523"]
[PlyCount "105"]
[EventDate "2011.??.??"]

1. d4 Nf6 2. c4 g6 3. Nc3 Bg7 4. e4 d6 5. Be2 O-O 6. Nf3 Nc6 7. h3 e5 8. d5 Ne7
9. O-O Ne8 10. Ne1 f5 11. f3 f4 12. Nd3 Nf6 13. Bd2 Nh5 14. Be1 Kh8 15. Bf2 Ng8
16. Qe1 Bf6 17. c5 Ng3 18. Bxg3 fxg3 19. Bd1 h5 20. f4 h4 21. fxe5 dxe5 22. Bb3
b6 23. Bc4 Bd7 24. Qe2 Kg7 25. Rf3 Qe7 26. c6 Bc8 27. Raf1 a5 28. Nb5 Ba6 29.
a4 Bxb5 30. Bxb5 Qd6 31. Kh1 Rad8 32. Qe1 Ne7 33. Bc4 g5 34. Nc1 Ng6 35. Nd3
Be7 36. Rxf8 Rxf8 37. Bb3 Nf4 38. Qe3 Nxd3 39. Qxd3 Qc5 40. Rxf8 Bxf8 41. Bd1
Qf2 42. Be2 Bc5 43. Qd1 Bb4 44. b3 Kf6 45. Bg4 Ke7 46. Bf5 Kd6 47. Bg4 Bc5 48.
Bf3 Bb4 49. Bg4 Qe3 50. Bf3 Bd2 51. Qb1 Be1 52. Qd1 Qf2 $15 53. Be2 $4 (53. Qe2
{was forced. Now Black had 53...g4! with the idea 43.hxg4 h3.}) 1/2-1/2

[Event "Mechanics' Winter TNM; 30/90, SD/30"]
[Site "San Francisco"]
[Date "2011.01.11"]
[Round "2.11"]
[White "Habeeb, Kenneth"]
[Black "Rumph, Todd"]
[Result "0-1"]
[WhiteElo "1524"]
[BlackElo "2119"]
[PlyCount "32"]
[EventDate "2011.??.??"]

1. e4 c6 2. d4 d5 3. Nd2 dxe4 4. Nxe4 Nf6 5. Nxf6+ gxf6 6. Be3 Bf5 7. Nf3 e6 8.
Bd3 Nd7 9. Bxf5 Qa5+ 10. Qd2 Qxf5 11. O-O-O Rg8 12. Ne1 Nb6 13. Qe2 O-O-O 14.
g3 Qd5 15. Rf1 Qxa2 16. Qd3 Nc4 0-1

[Event "Mechanics' Winter TNM; 30/90, SD/30"]
[Site "San Francisco"]
[Date "2011.01.18"]
[Round "3.13"]
[White "Hilliard, Michael"]
[Black "Abraham, Renjish"]
[Result "0-1"]
[WhiteElo "1527"]
[BlackElo "1817"]
[PlyCount "130"]
[EventDate "2011.??.??"]

1. d4 Nf6 2. Bg5 g6 3. Bxf6 exf6 4. e4 Bg7 5. Nf3 O-O 6. Bc4 Re8 7. Nbd2 f5 8.
e5 d6 9. O-O dxe5 10. dxe5 Bxe5 11. Nxe5 Rxe5 12. Nf3 Re8 13. Qxd8 Rxd8 14. Ng5
Rf8 15. Rfe1 Nc6 16. b4 Bd7 17. Rad1 Be8 18. b5 Na5 19. Rd4 Nxc4 20. Rxc4 c6
21. Re7 Rd8 22. Re1 h6 23. bxc6 hxg5 24. cxb7 Bd7 25. h3 Rb8 26. Rb1 Be6 27.
Ra4 Kg7 28. c4 Bd7 29. Rxa7 Be6 30. Rb4 Rfe8 31. c5 Bd5 32. Rb6 Re7 33. c6 Bxc6
34. Rxc6 Rbxb7 35. Rxb7 Rxb7 36. Rc1 Ra7 37. Ra1 Kf6 38. Kf1 g4 39. Ke2 gxh3
40. gxh3 Ra3 41. f3 Kg5 42. Kf2 Kf4 43. Ke2 Rxf3 44. a4 Rxh3 45. a5 Rh8 46. Kd3
Ke5 47. Kc4 Kd6 48. a6 Kc6 49. Rb1 Ra8 50. Rb7 Rxa6 51. Rxf7 Ra4+ 52. Kd3 Rg4
53. Ke3 Kd6 54. Kf3 Ke6 55. Rf8 Ke5 56. Rg8 Kf6 57. Rf8+ Kg5 58. Rh8 Rh4 59.
Rf8 Rh3+ 60. Kg2 Kg4 61. Rf6 g5 62. Rxf5 Kxf5 63. Kxh3 Kf4 64. Kh2 Kf3 65. Kh1
Kf2 0-1

[Event "Mechanics' Winter TNM; 30/90, SD/30"]
[Site "San Francisco"]
[Date "2011.01.25"]
[Round "4.14"]
[White "Hilliard, Michael"]
[Black "Milliken, William"]
[Result "0-1"]
[WhiteElo "1527"]
[BlackElo "1681"]
[PlyCount "74"]
[EventDate "2011.??.??"]

1. d4 d5 2. Nf3 Nf6 3. e3 e6 4. Bd3 Be7 5. Nbd2 O-O 6. O-O b6 7. Re1 Bb7 8. e4
dxe4 9. Nxe4 Nbd7 10. c3 c5 11. Qc2 Rc8 12. Neg5 h6 13. Nh7 Nxh7 14. Bxh7+ Kh8
15. Be4 Bxe4 16. Qxe4 Nf6 17. Qh4 cxd4 18. cxd4 Nh7 19. Qh3 Ng5 20. Qg4 Nxf3+
21. gxf3 Bf6 22. Re4 Rc2 23. b3 Qd5 24. Be3 Rd8 25. Qh3 Kh7 26. Qf1 Rdc8 27.
Qd3 Qf5 28. Qd1 Qa5 29. Qb1 Qc3 30. Rg4 g6 31. Qd1 Qa5 32. Rf4 Kg7 33. a3 R8c3
34. Rc1 Rxc1 35. Bxc1 Bg5 36. b4 Qd5 37. Qd2 Rxf3 0-1

[Event "Mechanics' Winter TNM; 30/90, SD/30"]
[Site "San Francisco"]
[Date "2011.02.15"]
[Round "7.18"]
[White "Hilliard, Michael"]
[Black "Morgan, Jerry"]
[Result "0-1"]
[WhiteElo "1527"]
[BlackElo "1507"]
[PlyCount "103"]
[EventDate "2011.??.??"]

1. d4 d5 2. Nf3 Nf6 3. e3 c6 4. Bd3 Bg4 5. c4 e6 6. cxd5 exd5 7. Qb3 Qc7 8. Ne5
Bd6 9. Nxg4 Nxg4 10. h3 Nf6 11. Nd2 O-O 12. Nf3 Nbd7 13. O-O Rfe8 14. Qc2 Ne4
15. Re1 Ndf6 16. Nd2 Nxf2 17. e4 N6xe4 18. Nxe4 Nxe4 19. Bxe4 dxe4 20. Rxe4 Re7
21. Bd2 Bg3 22. Rf1 Rae8 23. Bf4 Bxf4 24. Rexf4 Re2 25. Qb3 R8e7 26. Qc3 R2e3
27. Qc2 Qd6 28. Rh4 Qg6 29. Qxg6 hxg6 30. Rf2 Re1+ 31. Kh2 R7e2 32. Kg3 g5 33.
Rg4 f6 34. b4 b5 35. a3 Rxf2 36. Kxf2 Ra1 37. Rg3 Ra2+ 38. Ke1 Kf7 39. Rc3 Ke6
40. g4 Kd5 41. Kd1 Kxd4 42. Rxc6 Rxa3 43. Rc7 Kd3 44. Rd7+ Kc4 45. Rxg7 Kxb4
46. Rf7 a5 47. Rxf6 Rxh3 48. Rf5 a4 49. Rxg5 a3 50. Rg8 Kb3 51. g5 a2 52. Ra8
0-1

[Event "Mechanics' Winter TNM; 30/90, SD/30"]
[Site "San Francisco"]
[Date "2011.01.04"]
[Round "1.8"]
[White "Hilliard, Michael"]
[Black "Todortsev, Victor"]
[Result "1-0"]
[WhiteElo "1527"]
[BlackElo "1919"]
[PlyCount "77"]
[EventDate "2011.??.??"]

1. d4 d5 2. Nf3 Nf6 3. e3 Bg4 4. c4 e6 5. Qb3 Qc8 6. Ne5 Bf5 7. cxd5 exd5 8.
Bd3 Bxd3 9. Qxd3 Bd6 10. O-O O-O 11. Nd2 c5 12. Re1 c4 13. Qe2 Nc6 14. Ndf3 Ne4
15. Bd2 Nb4 16. Rec1 Nxd2 17. Nxd2 f6 18. Nef3 Nd3 19. Rc2 Qe6 20. Ne1 Nb4 21.
Rc3 f5 22. a3 Nc6 23. b3 b5 24. bxc4 bxc4 25. Nef3 Rab8 26. Ng5 Qe7 27. Nxc4
Nxd4 28. Qd3 Nb5 29. Qxd5+ Kh8 30. Nxd6 Nxd6 31. Ne6 Rfe8 32. Nd4 Ne4 33. Rcc1
Nxf2 34. Nxf5 Qe4 35. Qf7 Qe5 36. Rab1 Rxb1 37. Rxb1 Ng4 38. h3 Nxe3 (38...
Qh2+ 39. Kf1 Qh1+ 40. Ke2 Qxg2+ 41. Kd1 Qf1+ 42. Kc2 Nxe3+ $19) 39. Re1 {
B time exp} 1-0

[Event "Mechanics' Winter TNM; 30/90, SD/30"]
[Site "San Francisco"]
[Date "2011.01.18"]
[Round "3.21"]
[White "James, Charles"]
[Black "Litowsky, Daniel"]
[Result "1-0"]
[WhiteElo "1395"]
[BlackElo "1700"]
[PlyCount "58"]
[EventDate "2011.??.??"]

1. d4 d5 2. c4 c6 3. Nc3 Nf6 4. Nf3 e6 5. e3 Bd6 6. g3 Nbd7 7. Bg2 O-O 8. c5
Bc7 9. O-O h6 10. b4 a6 11. a4 e5 12. Nd2 Re8 13. f3 exd4 14. exd4 Nf8 15. Re1
Ne6 16. Nb3 Nh7 17. Be3 Qf6 18. Ne2 Nhg5 19. Nd2 Nf8 20. Ra3 Bh3 21. Bxg5 Qxg5
22. Bxh3 Ng6 23. Bg2 Re7 24. f4 Qf5 25. Nf3 Rae8 26. Qd2 b6 27. Kf2 bxc5 28.
dxc5 h5 29. Ned4 Qg4 1-0

[Event "Mechanics' Winter TNM; 30/90, SD/30"]
[Site "San Francisco"]
[Date "2011.01.04"]
[Round "1.14"]
[White "James, Charles"]
[Black "Sherwood, Peter"]
[Result "0-1"]
[WhiteElo "1395"]
[BlackElo "1798"]
[PlyCount "62"]
[EventDate "2011.??.??"]

1. d4 d5 2. c4 dxc4 3. e3 e5 4. Bxc4 exd4 5. exd4 Nf6 6. Nf3 Be7 7. O-O O-O 8.
Nc3 Bg4 9. Be3 Nc6 10. Be2 Re8 11. Qb3 Rb8 12. Ng5 Rf8 13. Rad1 Bxe2 14. Nxe2
Qd5 15. Rd3 Qxb3 16. Rxb3 Nd5 17. Bd2 Bf6 18. Rb5 Rfd8 19. Nf3 Nce7 20. Rd1 c6
21. Rb3 Nc8 22. Nf4 Ncb6 23. a3 Re8 24. Re1 Rxe1+ 25. Nxe1 Bxd4 26. Nf3 Bf6 27.
Nh5 Be7 28. Nd4 g6 29. Rg3 Rd8 30. Bh6 Nf6 31. Nxf6+ Bxf6 0-1

[Event "Mechanics' Winter TNM; 30/90, SD/30"]
[Site "San Francisco"]
[Date "2011.02.15"]
[Round "7.8"]
[White "Khristoforov, Sergey"]
[Black "Chalissery, Jossy"]
[Result "0-1"]
[WhiteElo "2026"]
[BlackElo "1690"]
[Annotator "Donaldson"]
[PlyCount "52"]
[EventDate "2011.??.??"]

1. d4 b6 2. c4 Bb7 3. Nc3 e6 4. e4 Bb4 5. Bd3 f5 6. Qe2 Qf6 7. Nf3 fxe4 8. Bxe4
Nc6 9. Bg5 Qf8 10. d5 Na5 11. dxe6 Bxe4 12. Qxe4 Rb8 13. exd7+ Kxd7 14. O-O-O+
Bd6 15. Rhe1 Nf6 16. Qe6+ Kc6 17. Ne5+ Kb7 18. Nf7 Re8 19. Nxd6+ cxd6 20. Qf5
Nxc4 21. Bxf6 Qxf6 22. Qd5+ Kb8 23. Qxc4 Rc8 24. Qd5 Rxc3+ 25. bxc3 Qxc3+ 26.
Kb1 Qb4+ {White lost on time in a completely winning position.} 0-1

[Event "Mechanics' Winter TNM; 30/90, SD/30"]
[Site "San Francisco"]
[Date "2011.02.01"]
[Round "5.4"]
[White "Khristoforov, Sergey"]
[Black "Ochoa, Jason"]
[Result "0-1"]
[WhiteElo "2026"]
[BlackElo "1900"]
[PlyCount "40"]
[EventDate "2011.??.??"]

1. d4 Nc6 2. e4 e5 3. d5 Nce7 4. c4 Ng6 5. a3 Nf6 6. Nc3 Bc5 7. h3 O-O 8. Nf3
a5 9. Bd3 d6 10. O-O Qe7 11. Rb1 Nh5 12. b4 axb4 13. axb4 Ba7 14. Nb5 Bb6 15.
Be3 Nhf4 16. Qc2 Bxh3 17. gxh3 Nxh3+ 18. Kg2 Ngf4+ 19. Bxf4 Nxf4+ 20. Kh2 Qf6
0-1

[Event "Mechanics' Winter TNM; 30/90, SD/30"]
[Site "San Francisco"]
[Date "2011.01.11"]
[Round "2.6"]
[White "Klinetobe, David"]
[Black "Hilliard, Michael"]
[Result "1-0"]
[WhiteElo "2000"]
[BlackElo "1527"]
[PlyCount "119"]
[EventDate "2011.??.??"]

1. e4 c6 2. d4 d5 3. exd5 cxd5 4. c4 e6 5. Nc3 Nf6 6. Nf3 Be7 7. cxd5 exd5 8.
Bb5+ Nc6 9. Ne5 Bd7 10. O-O O-O 11. Re1 Be6 12. Bxc6 bxc6 13. Nxc6 Qc7 14.
Nxe7+ Qxe7 15. Bg5 Rab8 16. Nxd5 Qd8 17. Nxf6+ gxf6 18. Bh6 Re8 19. Re3 Kh8 20.
Rg3 Rg8 21. b3 Qd5 22. Rc1 Bd7 23. Qf3 Qxd4 24. Rd1 Rbe8 25. Rxg8+ Kxg8 26. h3
Qh4 27. Qf4 Qxf4 28. Bxf4 Be6 29. Rd4 a6 30. Bc7 Kg7 31. Rd8 Re7 32. Bd6 Rb7
33. Rb8 Rxb8 34. Bxb8 Kf8 35. Bc7 Ke7 36. Kf1 Bd5 37. g3 Kd7 38. Ba5 f5 39. Bd2
Kc6 40. Ke2 Kb5 41. Kd3 a5 42. Kd4 Be6 43. a4+ Kb6 44. b4 axb4 45. Bxb4 Kc6 46.
Ke5 f4 47. g4 f3 48. Kf4 Bd5 49. Kg5 Be4 50. Kf6 Bg6 51. Kg5 Kb6 52. Kf4 h5 53.
Kxf3 hxg4+ 54. Kxg4 Bc2 55. a5+ Kb5 56. Bd2 Bd1+ 57. Kg5 Bf3 58. h4 Be4 59. h5
f5 60. f4 1-0

[Event "Mechanics' Winter TNM; 30/90, SD/30"]
[Site "San Francisco"]
[Date "2011.01.25"]
[Round "4.4"]
[White "Klinetobe, David"]
[Black "Manvelyan, Hayk"]
[Result "0-1"]
[WhiteElo "2000"]
[BlackElo "2164"]
[PlyCount "80"]
[EventDate "2011.??.??"]

1. e4 c6 2. d4 d5 3. exd5 cxd5 4. c4 Nf6 5. Nc3 e6 6. Nf3 Nc6 7. c5 b6 8. Bb5
Bd7 9. Bxc6 Bxc6 10. Ne5 Rc8 11. Nxc6 Rxc6 12. Qa4 Qd7 13. b4 bxc5 14. bxc5 Be7
15. Rb1 O-O 16. O-O Ne4 17. Nxe4 dxe4 18. Bf4 Rfc8 19. Bb8 a6 20. Rb6 a5 21.
Rd1 h6 22. Bf4 Qd5 23. Bd2 Bd8 24. Rxc6 Rxc6 25. Bxa5 Bxa5 26. Qxa5 e5 27. Qb4
exd4 28. Rxd4 Rxc5 29. h3 $4 (29. g3 Rc1+ 30. Kg2 Qa8 31. Qe7 e3+ 32. Qe4 $11)
29... Rc1+ 30. Kh2 Qe5+ 31. g3 e3 $1 32. Qb2 Qc7 $6 (32... Qf5 $1 33. Rf4 Qc8)
33. Rg4 $6 (33. Qe2 $1 $11) 33... Rc3 34. Qe2 exf2 35. Rf4 g5 36. Rf3 Rxf3 37.
Qxf3 Qc2 38. Kg2 Qxa2 39. Qxf2 Qxf2+ 40. Kxf2 f5 {Both players scoresheets
become unreadable at this point. Black won in 60 moves.} 0-1

[Event "Mechanics' Winter TNM; 30/90, SD/30"]
[Site "San Francisco"]
[Date "2011.02.22"]
[Round "8.8"]
[White "Klinetobe, David"]
[Black "Ramachandran, Jayakrishnan"]
[Result "1-0"]
[WhiteElo "2000"]
[BlackElo "1913"]
[PlyCount "137"]
[EventDate "2011.??.??"]

1. e4 e5 2. Nf3 Nc6 3. Bb5 a6 4. Ba4 Nf6 5. O-O b5 6. Bb3 Be7 7. Re1 d6 8. c3
Na5 9. Bc2 c5 10. h3 O-O 11. d4 Qc7 12. Nbd2 Bd7 13. Nf1 Rfc8 14. d5 Ne8 15.
Ng3 g6 16. Nh2 Ng7 17. Ng4 Bxg4 18. Qxg4 h5 19. Qe2 h4 20. Nf1 Qd7 21. Ne3 Nh5
22. Ng4 Nf6 23. Rf1 Nxg4 24. hxg4 g5 25. b3 Nb7 26. Bd3 Qc7 27. Bd2 c4 28. Bc2
Qd7 29. b4 Nd8 30. Qf3 f6 31. a4 Nf7 32. Qf5 Qxf5 33. gxf5 Bd8 34. Ra3 Bb6 35.
Rfa1 Rab8 36. Bd1 Rb7 37. axb5 axb5 38. Bh5 Rcb8 39. Kf1 Kg7 40. Ra8 Kf8 41.
Ke2 Ke7 42. R1a6 Nd8 43. Be3 Bxe3 44. Kxe3 Rxa8 45. Rxa8 Kd7 46. Kf3 Kc7 47.
Be8 Rb8 48. Rxb8 Kxb8 49. Bxb5 Kc7 50. Bxc4 Nf7 51. Kg4 Kd7 52. g3 hxg3 53.
fxg3 Ke7 54. Bb5 Nd8 55. Ba6 Kd7 56. Kh5 Kc7 57. Kg6 Kb6 58. Be2 Kc7 59. Kxf6
Kd7 60. Kxg5 Ke7 61. f6+ Kf7 62. Kf5 Nb7 63. g4 Nd8 64. g5 Nb7 65. g6+ Kf8 66.
Ke6 Kg8 67. Ba6 Nd8+ 68. Kxd6 Kf8 69. Kd7 1-0

[Event "Mechanics' Winter TNM; 30/90, SD/30"]
[Site "San Francisco"]
[Date "2011.02.15"]
[Round "7.10"]
[White "Krasnov, Steven"]
[Black "Anderson, Michael"]
[Result "1-0"]
[WhiteElo "1964"]
[BlackElo "1907"]
[PlyCount "93"]
[EventDate "2011.??.??"]

1. d4 Nf6 2. c4 e6 3. Nf3 c5 4. d5 exd5 5. cxd5 d6 6. Nc3 g6 7. g3 Bg7 8. Bg2
O-O 9. O-O Re8 10. Re1 Na6 11. e4 Nc7 12. a4 Rb8 13. Qd3 b6 14. h3 a6 15. Bf4
Nh5 16. Bg5 f6 17. Be3 Bf8 18. Rad1 b5 19. g4 Ng7 20. b3 Be7 21. e5 bxa4 22.
Nxa4 fxe5 23. Nxe5 Bd7 24. Nxc5 Bb5 25. Nc4 Bh4 26. Ne4 Bxc4 27. bxc4 Rb2 28.
Bd4 Ra2 29. Qc3 Qd7 30. g5 Rxe4 31. Rxe4 Nf5 32. Rd2 Qa4 33. Rxa2 Qxa2 34. Be3
a5 35. Qf6 Qb1+ 36. Kh2 Qb8 37. Rxh4 a4 38. Bd4 Nxd4 39. Qxd4 a3 40. Re4 a2 41.
Re7 Ne8 42. Ra7 Qb1 43. Qe3 Ng7 44. Ra8+ Kf7 45. Qd4 Ne8 46. Be4 Qc1 47. h4 1-0

[Event "Mechanics' Winter TNM; 30/90, SD/30"]
[Site "San Francisco"]
[Date "2011.02.22"]
[Round "8.5"]
[White "Krasnov, Steven"]
[Black "Manvelyan, Hayk"]
[Result "0-1"]
[WhiteElo "1964"]
[BlackElo "2164"]
[PlyCount "70"]
[EventDate "2011.??.??"]

1. d4 e6 2. c4 f5 3. g3 Nf6 4. Bg2 d5 5. Nd2 c6 6. Qc2 Bd6 7. Nh3 O-O 8. O-O
Qe7 9. b3 Nbd7 10. Bb2 Ne4 11. f3 Nxd2 12. Qxd2 Nf6 13. Nf2 dxc4 14. bxc4 e5
15. Nd3 e4 16. Ne5 c5 17. e3 Be6 18. Rac1 Rad8 19. Qc2 exf3 20. Bxf3 Bxe5 21.
dxe5 Ne4 22. Bxe4 fxe4 23. Qxe4 Rxf1+ 24. Rxf1 Bh3 25. Rb1 Be6 26. Bc3 b6 27.
a4 Qd7 28. Ra1 h6 29. a5 b5 30. cxb5 Qxb5 31. Qg6 Qc4 32. Rc1 Rb8 33. Qh5 Qe4
34. a6 Bd5 35. Kf2 Rf8+ 0-1

[Event "Mechanics' Winter TNM; 30/90, SD/30"]
[Site "San Francisco"]
[Date "2011.01.04"]
[Round "1.7"]
[White "Krasnov, Steven"]
[Black "Reyes, Edsel Delos"]
[Result "1-0"]
[WhiteElo "1964"]
[BlackElo "1531"]
[PlyCount "71"]
[EventDate "2011.??.??"]

1. d4 Nf6 2. Nf3 g6 3. Bf4 d6 4. h3 Bg7 5. e3 O-O 6. Be2 Nbd7 7. O-O c5 8. c3
b6 9. Nbd2 Bb7 10. a4 Rc8 11. Qc2 Nd5 12. Bg3 f5 13. Ng5 Qe8 14. Ne6 Rf6 15.
Nxg7 Kxg7 16. e4 fxe4 17. Nxe4 Rf8 18. dxc5 Nxc5 19. Ng5 h6 20. Nf3 Nf4 21.
Bxf4 Rxf4 22. Nd4 e5 23. Nb5 Qd7 24. Rad1 d5 25. Bg4 Qd8 26. Bxc8 Bxc8 27. Qe2
e4 28. Qe3 Rf5 29. c4 Nd3 30. Qd4+ Kh7 31. cxd5 Rf4 32. Rxd3 Rh4 33. Rc3 e3 34.
Qxe3 Rxa4 35. Rc7+ Kg8 36. Qxh6 1-0

[Event "Mechanics' Winter TNM; 30/90, SD/30"]
[Site "San Francisco"]
[Date "2011.01.18"]
[Round "3.2"]
[White "Krasnov, Steven"]
[Black "Shipman, Walter"]
[Result "0-1"]
[WhiteElo "1964"]
[BlackElo "2200"]
[PlyCount "57"]
[EventDate "2011.??.??"]

1. c4 e6 2. Nf3 Nf6 3. d4 d5 4. e3 Nbd7 5. Nc3 c6 6. Bd3 Bb4 7. Bd2 O-O 8. Qc2
Bd6 9. Ng5 h6 10. h4 e5 11. cxd5 cxd5 12. Bh7+ Kh8 13. Bf5 e4 14. Nb5 Nb6 15.
Bxc8 Rxc8 16. Qd1 Nc4 17. Bc3 Nxb2 18. Bxb2 Qa5+ 19. Nc3 Bb4 20. Kf1 Bxc3 21.
Bxc3 Qxc3 22. Nh3 Qc2 23. Kg1 Qxd1+ 24. Rxd1 Rc2 25. Ra1 Ng4 26. g3 Rfc8 27. a4
Rb2 28. a5 Rcc2 29. a6 0-1